00396 2200121 4500001002100000005001500021035002400036090002200060245010300082260005000185300002400235990001500259YOGYA00000000001557120140822184156 0010-081400000015289 aRQ 027.8025 Per D aDirektori Perpustakaan Sekolah tingkat SMTP dan SMTA Negeri di KaltimcPerpusda (Kalimantan Timur) aSamarindabPerpusnas RI Perpusda Kaltimc1994 av, 190 hlm.b21 cm. a21087-A/94